"Haz lo que temas", la novelística de Raúl Guerra Garrido / (Record no. 181865)

MARC details
000 -LEADER
campo de control de longitud fija 01076nam a2200265 i 4500
001 - NÚMERO DE CONTROL
campo de control 181865
003 - IDENTIFICADOR DE NÚMERO DE CONTROL
campo de control ES-MaACL
005 - FECHA Y HORA DE LA ÚLTIMA TRANSACCIÓN
campo de control 20251010144125.0
008 - DATOS DE LONGITUD FIJA--INFORMACIÓN GENERAL
campo de control de longitud fija 130503s2011 sp | |||||||| | spa d
020 ## - NÚMERO INTERNACIONAL ESTÁNDAR DEL LIBRO
Número Internacional Estándar del Libro 978-84-9830-331-5
080 ## - NÚMERO DE LA CLASIFICACIÓN DECIMAL UNIVERSAL
Número de la Clasificación Decimal Universal 821.134.2 Guerra Garrido, Raúl 1.07
245 01 - MENCIÓN DEL TÍTULO
Título "Haz lo que temas", la novelística de Raúl Guerra Garrido /
Mención de responsabilidad, etc. José Ángel Ascunce y Alberto Rodríguez (eds.).
260 ## - PUBLICACIÓN, DISTRIBUCIÓN, ETC.
Lugar de publicación, distribución, etc. Bilbao :
Nombre del editor, distribuidor, etc. Publicaciones de la Universidad de Deusto,
Fecha de publicación, distribución, etc. 2011.
300 ## - DESCRIPCIÓN FÍSICA
Extensión 274 p. ;
Dimensiones 22 cm.
490 1# - MENCIÓN DE SERIE
Mención de serie Serie Humanidades ;
Designación de volumen o secuencia v. 27
504 ## - NOTA DE BIBLIOGRAFÍA, ETC.
Nota de bibliografía, etc. Incluye referencias bibliográficas.
600 14 - PUNTO DE ACCESO ADICIONAL DE MATERIA--NOMBRE DE PERSONA
Nombre de persona Guerra Garrido, Raúl,
Fechas asociadas al nombre 1935-2022-
Subdivisión general Crítica e interpretación
9 (RLIN) 60516
700 1# - ENTRADA AGREGADA--NOMBRE PERSONAL
Nombre de persona Ascunce Arrieta, José Ángel.
9 (RLIN) 23553
700 1# - ENTRADA AGREGADA--NOMBRE PERSONAL
Nombre de persona Rodríguez, Alberto,
Fechas asociadas al nombre 1951-
9 (RLIN) 152670
830 0# - PUNTO DE ACCESO ADICIONAL DE SERIE-TÍTULO UNIFORME
Título uniforme Serie Humanidades ;
Designación de volumen o secuencia v. 27
9 (RLIN) 224758
852 ## - LOCALIZACIÓN
Ubicación ES-MaACL
Número de control de estantería A-12688
itemnumber 188773
Sublocalización o colección R.148748
Ubicación en estantería Depósito 1
Signatura antigua Olim: N-5689
Encuadernación Donación: Alejandro Sanz
903 ## - NOMBRE PERSONAL DE DONANTE
a Sanz, Alejandro,
d 1967-
e Donante
9 103558
942 ## - ELEMENTOS DE ENTRADA SECUNDARIOS (KOHA)
Fuente del sistema de clasificación o colocación Clasificación decimal universal
Tipo de ítem Koha Libro impreso
Holdings
Estatus retirado Estado de pérdida Fuente del sistema de clasificación o colocación Estado de daño No para préstamo Biblioteca de origen Biblioteca actual Ubicación en estantería Fecha de adquisición Fuente de adquisición Total de préstamos Signatura topográfica completa Código de barras Visto por última vez Precio de reemplazo Tipo de ítem Koha
    Clasificación decimal universal     Biblioteca del Ateneo de Madrid Biblioteca del Ateneo de Madrid Depósito 1 03/05/2013 Donación   A-12688 1191123 23/02/2023 23/02/2023 Libro impreso